|
|
|
|
| LEADER |
00000nam0a2200000 4500 |
| 001 |
142766 |
| 005 |
20231031142850.0 |
| 010 |
|
|
|a 5020295299
|
| 035 |
|
|
|a (RuTPU)RU\TPU\book\154718
|
| 090 |
|
|
|a 142766
|
| 100 |
|
|
|a 20080911d1991 km y0rusy50 ca
|
| 101 |
0 |
|
|a rus
|
| 102 |
|
|
|a RU
|
| 105 |
|
|
|a a z 001zy
|
| 200 |
1 |
|
|a Геохимия и изотопный состав стронция в гидротермальных системах
|f В. Д. Пампура, Г. П. Сандимирова
|g Академия наук СССР (АН СССР), Сибирское отделение (СО), Институт геохимии им. А. П. Виноградова (ИГХ) ; отв. ред. С. Б. Брандт
|
| 210 |
|
|
|a Новосибирск
|c Наука
|d 1991
|
| 215 |
|
|
|a 121 с.
|c ил.
|
| 320 |
|
|
|a Библиогр.: с. 111-120.
|
| 610 |
1 |
|
|a сборники
|
| 610 |
1 |
|
|a геохимия
|
| 610 |
1 |
|
|a аналитика
|
| 610 |
1 |
|
|a изотопный состав
|
| 610 |
1 |
|
|a гидротермальные системы
|
| 610 |
1 |
|
|a стронций
|
| 610 |
1 |
|
|a природные воды
|
| 675 |
|
|
|a 553.2.065
|v 3
|
| 700 |
|
1 |
|a Пампура
|b В. Д.
|g Виктор Дмитриевич
|
| 701 |
|
1 |
|a Сандимирова
|b Г. П.
|g Галина Павловна
|
| 702 |
|
1 |
|a Брандт
|b С. Б.
|4 340
|
| 712 |
0 |
2 |
|a Академия наук СССР (АН СССР)
|b Сибирское отделение (СО)
|b Институт геохимии им. А. П. Виноградова (ИГХ)
|c (Иркутск)
|2 stltpush
|3 (RuTPU)RU\TPU\col\1687
|
| 801 |
|
1 |
|a RU
|b 63413507
|c 20080911
|g PSBO
|
| 801 |
|
2 |
|a RU
|b 63413507
|c 20081223
|g PSBO
|
| 942 |
|
|
|c BK
|